[Event "4NCL9495 2nd Season"]
[Site "Various Venues"]
[Date "1994.10.01"]
[Round "1.1"]
[White "McDonald, Neil R"]
[Black "Chandler, Murray G"]
[Result "0-1"]
[WhiteElo "2460"]
[BlackElo "2535"]
[PlyCount "96"]
[EventDate "1994.10.01"]
[EventType "team-tourn"]
[EventRounds "11"]
[EventCountry "GBR"]
[SourceTitle "BritBase"]
[SourceDate "2020.05.17"]
[SourceVersion "1"]
[SourceVersionDate "2020.05.17"]
[SourceQuality "1"]
[WhiteTeam "Invicta Knights"]
[BlackTeam "BCM"]
[WhiteTeamCountry "ENG"]
[BlackTeamCountry "ENG"]

1. e4 c5 2. Nf3 e6 3. d4 cxd4 4. Nxd4 Nf6 5. Nc3 Nc6 6. Ndb5 d6 7. Bf4 e5 8.
Bg5 a6 9. Na3 b5 10. Nd5 Be7 11. Bxf6 Bxf6 12. c3 Ne7 13. Nxe7 Bxe7 14. Nc2 Bb7
15. Bd3 O-O 16. O-O d5 17. exd5 Qxd5 18. Ne3 Qc6 19. a4 Rfd8 20. axb5 axb5 21.
Qe2 Rxa1 22. Rxa1 b4 23. c4 Qc5 24. Ng4 g6 25. Nxe5 Bf8 26. Nf3 Bg7 27. Rb1 b3
28. Rd1 Bc6 29. Nd2 Re8 30. Qf1 Qb4 31. c5 Bh6 32. Nc4 Qxc5 33. h3 Bf4 34. Ra1
Bc7 35. Re1 Rd8 36. Rd1 Qg5 37. Be2 Re8 38. Bg4 Re7 39. Qd3 h5 40. Bf3 Qf4 41.
Kf1 Bb5 42. Bd5 Rd7 43. Qxg6+ Kf8 44. Qxh5 Bxc4+ 45. Bxc4 Qxc4+ 46. Kg1 Rxd1+
47. Qxd1 Qc2 48. Qe1 Bd6 0-1

[Event "4NCL9495 2nd Season"]
[Site "Various Venues"]
[Date "1994.10.01"]
[Round "1.2"]
[White "Mestel, A Jonathan"]
[Black "Dickenson, Neil F"]
[Result "1-0"]
[WhiteElo "2520"]
[BlackElo "2315"]
[PlyCount "55"]
[EventDate "1994.10.01"]
[EventType "team-tourn"]
[EventRounds "11"]
[EventCountry "GBR"]
[SourceTitle "BritBase"]
[SourceDate "2020.05.17"]
[SourceVersion "1"]
[SourceVersionDate "2020.05.17"]
[SourceQuality "1"]
[WhiteTeam "BCM"]
[BlackTeam "Invicta Knights"]
[WhiteTeamCountry "ENG"]
[BlackTeamCountry "ENG"]

1. c4 e5 2. Nc3 Nf6 3. Nf3 e4 4. Ng5 b5 5. d3 exd3 6. cxb5 Bb4 7. Qxd3 O-O 8.
e3 a6 9. Qc2 axb5 10. Bxb5 Ra5 11. Bd2 h6 12. h4 c6 13. Bd3 hxg5 14. hxg5 Rxg5
15. a3 Bxc3 16. Bh7+ Kh8 17. Bxc3 Re8 18. O-O-O d6 19. Rh4 g6 20. Bxg6+ Kg8 21.
Rh6 Kf8 22. Bxf7 Kxf7 23. Bxf6 Qxf6 24. Rxf6+ Kxf6 25. Rxd6+ Be6 26. Qh7 Rc5+
27. Kb1 Nd7 28. Qxd7 1-0

[Event "4NCL9495 2nd Season"]
[Site "Various Venues"]
[Date "1994.10.01"]
[Round "1.3"]
[White "Hanreck, Alan E"]
[Black "Bellin, Robert"]
[Result "1/2-1/2"]
[WhiteElo "2245"]
[BlackElo "2400"]
[PlyCount "28"]
[EventDate "1994.10.01"]
[EventType "team-tourn"]
[EventRounds "11"]
[EventCountry "GBR"]
[SourceTitle "BritBase"]
[SourceDate "2020.05.17"]
[SourceVersion "1"]
[SourceVersionDate "2020.05.17"]
[SourceQuality "1"]
[WhiteTeam "Invicta Knights"]
[BlackTeam "BCM"]
[WhiteTeamCountry "ENG"]
[BlackTeamCountry "ENG"]

1. d4 f5 2. Bg5 d5 3. Nf3 c6 4. e3 Qb6 5. Qc1 e6 6. Be2 Nd7 7. O-O Ngf6 8. c4
Be7 9. Nc3 Qd8 10. Qc2 Ne4 11. Bxe7 Qxe7 12. a3 O-O 13. b4 a6 14. Ne5 Nxe5
1/2-1/2

[Event "4NCL9495 2nd Season"]
[Site "Various Venues"]
[Date "1994.10.01"]
[Round "1.4"]
[White "Cafferty, Bernard"]
[Black "Chandler, Clifford R"]
[Result "0-1"]
[WhiteElo "2290"]
[BlackElo "2260"]
[PlyCount "72"]
[EventDate "1994.10.01"]
[EventType "team-tourn"]
[EventRounds "11"]
[EventCountry "GBR"]
[SourceTitle "BritBase"]
[SourceDate "2020.05.17"]
[SourceVersion "1"]
[SourceVersionDate "2020.05.17"]
[SourceQuality "1"]
[WhiteTeam "BCM"]
[BlackTeam "Invicta Knights"]
[WhiteTeamCountry "ENG"]
[BlackTeamCountry "ENG"]

1. Nf3 d5 2. c4 Nf6 3. cxd5 Nxd5 4. d4 g6 5. e4 Nb6 6. h3 Bg7 7. Nc3 O-O 8. Be3
c6 9. Be2 Be6 10. O-O Bc4 11. Rc1 N8d7 12. b3 Bxe2 13. Qxe2 e6 14. Rfd1 Qe7 15.
Bg5 f6 16. Be3 f5 17. Qd2 fxe4 18. Ng5 Nd5 19. Ngxe4 N7f6 20. Bh6 Nxe4 21. Nxe4
Bxh6 22. Qxh6 Nf4 23. Rc2 Rad8 24. Rcd2 Rd5 25. g4 g5 26. f3 Qg7 27. Qxg7+ Kxg7
28. Kf2 Nxh3+ 29. Kg3 Nf4 30. Rh1 h6 31. Rdh2 Ng6 32. Rxh6 Nh4 33. Rxe6 Rxf3+
34. Kh2 Rxd4 35. Nxg5 Rd2+ 36. Kg1 Rg2# {Source: Cafferty scoresheet} 0-1

[Event "4NCL9495 2nd Season"]
[Site "Various Venues"]
[Date "1994.10.01"]
[Round "1.5"]
[White "Harakis, Alexis"]
[Black "Wade, Robert Graham"]
[Result "1-0"]
[WhiteElo "2170"]
[BlackElo "2295"]
[PlyCount "101"]
[EventDate "1994.10.01"]
[EventType "team-tourn"]
[EventRounds "11"]
[EventCountry "GBR"]
[SourceTitle "BritBase"]
[SourceDate "2020.05.17"]
[SourceVersion "1"]
[SourceVersionDate "2020.05.17"]
[SourceQuality "1"]
[WhiteTeam "Invicta Knights"]
[BlackTeam "BCM"]
[WhiteTeamCountry "ENG"]
[BlackTeamCountry "ENG"]

1. d4 d6 2. c4 e5 3. Nf3 e4 4. Ng5 f5 5. g3 Nf6 6. Bg2 Be7 7. Nh3 c5 8. d5 Na6
9. O-O O-O 10. Nc3 Nc7 11. f3 exf3 12. exf3 Rb8 13. a4 a6 14. a5 b5 15. axb6
Rxb6 16. Nf2 Nh5 17. Qc2 g6 18. Bh6 Re8 19. Bd2 Bf6 20. Rae1 Bd4 21. Na4 Rb7
22. Ba5 Bd7 23. Rxe8+ Bxe8 24. Kh1 Nf6 25. Nd3 Bxa4 26. Qxa4 Qd7 27. Qc6 Nce8
28. Re1 Rb3 29. Qxd7 Nxd7 30. Rxe8+ Kf7 31. Rd8 Rxd3 32. Rxd7+ Ke8 33. Rd8+ Ke7
34. h4 f4 35. gxf4 Bxb2 36. Bh3 Rxf3 37. Rd7+ Ke8 38. Rd8+ Ke7 39. Kg2 Rxf4 40.
Rd7+ Kf8 41. Bc7 Rxc4 42. Bxd6+ Kg8 43. Be6+ Kh8 44. Bf8 Rc2+ 45. Kf3 h5 46.
Rd8 Kh7 47. d6 Bf6 48. Be7 Rc3+ 49. Ke2 Bd4 50. Bg5 c4 51. d7 1-0

[Event "4NCL9495 2nd Season"]
[Site "Various Venues"]
[Date "1994.10.01"]
[Round "1.1"]
[White "Crouch, Colin S"]
[Black "Beaumont, Chris"]
[Result "1/2-1/2"]
[WhiteElo "2405"]
[BlackElo "2350"]
[PlyCount "38"]
[EventDate "1994.10.01"]
[EventType "team-tourn"]
[EventRounds "11"]
[EventCountry "GBR"]
[SourceTitle "BritBase"]
[SourceDate "2020.05.17"]
[SourceVersion "1"]
[SourceVersionDate "2020.05.17"]
[SourceQuality "1"]
[WhiteTeam "Barbican"]
[BlackTeam "Bristol"]
[WhiteTeamCountry "ENG"]
[BlackTeamCountry "ENG"]

1. d4 Nf6 2. c4 g6 3. Nc3 Bg7 4. e4 d6 5. Nf3 O-O 6. h3 Na6 7. Be3 e5 8. dxe5
dxe5 9. c5 b6 10. cxb6 axb6 11. Bc4 Qxd1+ 12. Rxd1 Nb4 13. O-O Nc2 14. Nxe5
Nxe3 15. fxe3 Ba6 16. Bxa6 Rxa6 17. Nc6 b5 18. Nd5 Nxe4 19. Rf4 f5 1/2-1/2

[Event "4NCL9495 2nd Season"]
[Site "Various Venues"]
[Date "1994.10.01"]
[Round "1.2"]
[White "Wall, Gavin"]
[Black "Britton, Richard"]
[Result "0-1"]
[WhiteElo "2275"]
[BlackElo "2320"]
[PlyCount "90"]
[EventDate "1994.10.01"]
[EventType "team-tourn"]
[EventRounds "11"]
[EventCountry "GBR"]
[SourceTitle "BritBase"]
[SourceDate "2020.05.17"]
[SourceVersion "1"]
[SourceVersionDate "2020.05.17"]
[SourceQuality "1"]
[WhiteTeam "Bristol"]
[BlackTeam "Barbican"]
[WhiteTeamCountry "ENG"]
[BlackTeamCountry "ENG"]

1. d4 Nf6 2. Nf3 g6 3. Bf4 Bg7 4. h3 d5 5. e3 O-O 6. Bd3 c5 7. c3 Nc6 8. O-O
Nd7 9. Nbd2 e5 10. dxe5 Ndxe5 11. Bc2 Be6 12. Nxe5 Nxe5 13. Qe2 f5 14. Bb3 c4
15. Bxe5 Bxe5 16. f4 Bd6 17. Bd1 Qb6 18. b4 Rae8 19. Qf2 Bf7 20. Re1 d4 21.
exd4 Rxe1+ 22. Qxe1 Bxf4 23. Qf2 Qc7 24. Nf1 Re8 25. Bf3 Bg5 26. Rd1 b6 27. Qc2
Qd6 28. Qa4 Re7 29. Qb5 Bf6 30. a4 Kg7 31. a5 h5 32. Kh1 g5 33. Qxf5 Be6 34.
Qc2 g4 35. hxg4 hxg4 36. Be4 Bg5 37. axb6 axb6 38. d5 Bd7 39. Re1 Qf6 40. Kg1
Bf4 41. g3 Be5 42. Re3 Rf7 43. Nh2 b5 44. Kg2 Qh6 45. Re1 Bxg3 0-1

[Event "4NCL9495 2nd Season"]
[Site "Various Venues"]
[Date "1994.10.01"]
[Round "1.3"]
[White "Pritchett, Craig William"]
[Black "Phillips, Roy Jean Noel"]
[Result "1-0"]
[WhiteElo "2345"]
[BlackElo "2130"]
[PlyCount "85"]
[EventDate "1994.10.01"]
[EventType "team-tourn"]
[EventRounds "11"]
[EventCountry "GBR"]
[SourceTitle "BritBase"]
[SourceDate "2020.05.17"]
[SourceVersion "1"]
[SourceVersionDate "2020.05.17"]
[SourceQuality "1"]
[WhiteTeam "Barbican"]
[BlackTeam "Bristol"]
[WhiteTeamCountry "ENG"]
[BlackTeamCountry "ENG"]

1. c4 Nf6 2. Nf3 g6 3. Nc3 Bg7 4. e4 d6 5. d4 O-O 6. Be2 e5 7. Be3 Nc6 8. d5
Ne7 9. Nd2 Ne8 10. c5 f5 11. f3 Kh8 12. Nc4 Ng8 13. Qd2 Bh6 14. Bxh6 Qh4+ 15.
g3 Qxh6 16. Qxh6 Nxh6 17. cxd6 cxd6 18. Nb5 Nf7 19. Kd2 Bd7 20. a4 fxe4 21.
fxe4 Bh3 22. Ke3 a6 23. Nc3 Nh6 24. Ra3 Rd8 25. Rb3 Rf7 26. Rb6 Kg7 27. Rg1
Rdd7 28. Nd1 Bg4 29. Nf2 Bxe2 30. Kxe2 Ng8 31. Rc1 Rc7 32. Rc3 Rcd7 33. Na5 Kh6
34. Rc8 Ngf6 35. Kd2 Kg5 36. Rb8 Nc7 37. Ke1 Nce8 38. R6xb7 Nxd5 39. exd5 Nc7
40. Ne4+ Kg4 41. Nc4 Nxd5 42. Rxd7 Rxd7 43. Ne3+ 1-0

[Event "4NCL9495 2nd Season"]
[Site "Various Venues"]
[Date "1994.10.01"]
[Round "1.4"]
[White "Rudd, Jack"]
[Black "Byway, Paul V"]
[Result "1-0"]
[WhiteElo "2250"]
[BlackElo "2295"]
[PlyCount "107"]
[EventDate "1994.10.01"]
[EventType "team-tourn"]
[EventRounds "11"]
[EventCountry "GBR"]
[SourceTitle "BritBase"]
[SourceDate "2020.05.17"]
[SourceVersion "1"]
[SourceVersionDate "2020.05.17"]
[SourceQuality "1"]
[WhiteTeam "Bristol"]
[BlackTeam "Barbican"]
[WhiteTeamCountry "ENG"]
[BlackTeamCountry "ENG"]

1. d4 Nf6 2. c4 e6 3. Nc3 Bb4 4. Bg5 d5 5. e3 Nbd7 6. Nf3 c5 7. cxd5 exd5 8.
Bd3 c4 9. Bf5 Qa5 10. Qc2 O-O 11. O-O g6 12. Bh6 Re8 13. Bh3 Ne4 14. Nxe4 dxe4
15. Ng5 Qd5 16. f3 Nf6 17. fxe4 Nxe4 18. Bxc8 Raxc8 19. Nxf7 Nd2 20. Rf2 Ne4
21. Rf4 Bd6 22. Nxd6 Nxd6 23. Raf1 Qh5 24. Rf6 Qxh6 25. Rxd6 Qxe3+ 26. Qf2
Qxf2+ 27. Kxf2 Rf8+ 28. Kg1 Rc7 29. d5 Rxf1+ 30. Kxf1 Kf7 31. Kf2 Ke7 32. Re6+
Kd7 33. Rf6 b5 34. Rf7+ Kd6 35. Rxc7 Kxc7 36. Ke3 Kd6 37. Kd4 a6 38. a3 a5 39.
a4 c3 40. bxc3 b4 41. cxb4 axb4 42. Kc4 b3 43. Kxb3 Kxd5 44. Kb4 Kc6 45. a5 Kb7
46. Kb5 Ka7 47. g4 g5 48. a6 Ka8 49. Kb6 Kb8 50. a7+ Ka8 51. Ka6 h6 52. h3 h5
53. gxh5 g4 54. h6 1-0

[Event "4NCL9495 2nd Season"]
[Site "Various Venues"]
[Date "1994.10.01"]
[Round "1.5"]
[White "Kenworthy, Gary"]
[Black "Helbig, Paul"]
[Result "1-0"]
[WhiteElo "2290"]
[BlackElo "2210"]
[PlyCount "77"]
[EventDate "1994.10.01"]
[EventType "team-tourn"]
[EventRounds "11"]
[EventCountry "GBR"]
[SourceTitle "BritBase"]
[SourceDate "2020.05.17"]
[SourceVersion "1"]
[SourceVersionDate "2020.05.17"]
[SourceQuality "1"]
[WhiteTeam "Barbican"]
[BlackTeam "Bristol"]
[WhiteTeamCountry "ENG"]
[BlackTeamCountry "ENG"]

1. e4 g6 2. d4 d6 3. Nc3 Bg7 4. h4 h5 5. Be3 a6 6. Qd2 b5 7. a4 b4 8. Nd1 a5 9.
c3 bxc3 10. bxc3 Nf6 11. f3 c6 12. Nf2 Nbd7 13. Ngh3 O-O 14. Ng5 e5 15. Rb1 d5
16. Be2 Qc7 17. O-O Rb8 18. Rfc1 Rd8 19. Qa2 Rxb1 20. Rxb1 Qa7 21. f4 exf4 22.
Bxf4 Nf8 23. Bf3 Ne6 24. Be3 dxe4 25. Ngxe4 Nd5 26. Bd2 Qe7 27. g3 Ba6 28. Re1
Qc7 29. Kg2 Nb6 30. Ng5 Bc4 31. Qc2 Re8 32. Nd3 Bxd3 33. Qxd3 Qd7 34. Qa6 Nd5
35. Qxa5 Nxg5 36. Rxe8+ Qxe8 37. Bxg5 Qe1 38. Qa7 Nxc3 39. Qe7 {time} 1-0

[Event "4NCL9495 2nd Season"]
[Site "Various Venues"]
[Date "1994.10.01"]
[Round "1.1"]
[White "Cooper, John Grantley"]
[Black "Bates, Richard A"]
[Result "0-1"]
[WhiteElo "2380"]
[BlackElo "2355"]
[PlyCount "58"]
[EventDate "1994.10.01"]
[EventType "team-tourn"]
[EventRounds "11"]
[EventCountry "GBR"]
[SourceTitle "BritBase"]
[SourceDate "2020.05.17"]
[SourceVersion "1"]
[SourceVersionDate "2020.05.17"]
[SourceQuality "1"]
[WhiteTeam "South Wales Dragons"]
[BlackTeam "Covent Garden"]
[WhiteTeamCountry "WLS"]
[BlackTeamCountry "ENG"]

1. Nf3 Nf6 2. c4 g6 3. Nc3 Bg7 4. e4 d6 5. d4 O-O 6. Be2 Na6 7. O-O e5 8. d5
Nc5 9. Qc2 a5 10. Bg5 h6 11. Be3 Ng4 12. Bxc5 dxc5 13. h3 Nf6 14. Nxe5 Nxd5 15.
cxd5 Bxe5 16. f4 Bd4+ 17. Kh2 g5 18. g3 gxf4 19. gxf4 Kh8 20. Rf3 Rg8 21. Raf1
Qh4 22. Bc4 Bg4 23. Rd3 Rg7 24. Nb5 Bd1 25. Qxd1 Rag8 26. Nxd4 Rg3 27. Qh5 Rg2+
28. Kh1 Qxh5 29. Nf5 Qe2 0-1

[Event "4NCL9495 2nd Season"]
[Site "Various Venues"]
[Date "1994.10.01"]
[Round "1.2"]
[White "Harley, Andrew D"]
[Black "Zeidler, Sven"]
[Result "1/2-1/2"]
[WhiteElo "2285"]
[BlackElo "2215"]
[PlyCount "70"]
[EventDate "1994.10.01"]
[EventType "team-tourn"]
[EventRounds "11"]
[EventCountry "GBR"]
[SourceTitle "BritBase"]
[SourceDate "2020.05.17"]
[SourceVersion "1"]
[SourceVersionDate "2020.05.17"]
[SourceQuality "1"]
[WhiteTeam "Covent Garden"]
[BlackTeam "South Wales Dragons"]
[WhiteTeamCountry "ENG"]
[BlackTeamCountry "WLS"]

1. e4 d5 2. exd5 Qxd5 3. Nc3 Qa5 4. d4 Nf6 5. Nf3 Bg4 6. h3 Bh5 7. g4 Bg6 8.
Ne5 e6 9. Bg2 c6 10. h4 Nbd7 11. Nxd7 Kxd7 12. d5 exd5 13. h5 Re8+ 14. Kf1 Qa6+
15. Kg1 Be4 16. f3 Bc5+ 17. Kh2 Bd6+ 18. Kh3 Bg6 19. Bf1 Qb6 20. Kg2 Bb8 21.
hxg6 hxg6 22. Bd3 Nxg4 23. fxg4 Qc7 24. Qf3 Rxh1 25. Bf4 Rh2+ 26. Kxh2 Qxf4+
27. Qxf4 Bxf4+ 28. Kg2 Re3 29. Ne2 Be5 30. Rf1 Ke7 31. b3 Bd6 32. Rf3 Re5 33.
Rh3 Kf6 34. Rf3+ Ke7 35. Rh3 Kf6 1/2-1/2

[Event "4NCL9495 2nd Season"]
[Site "Various Venues"]
[Date "1994.10.01"]
[Round "1.3"]
[White "James, David J"]
[Black "Burgess, Graham"]
[Result "0-1"]
[WhiteElo "2250"]
[BlackElo "2260"]
[PlyCount "70"]
[EventDate "1994.10.01"]
[EventType "team-tourn"]
[EventRounds "11"]
[EventCountry "GBR"]
[SourceTitle "BritBase"]
[SourceDate "2020.05.17"]
[SourceVersion "1"]
[SourceVersionDate "2020.05.17"]
[SourceQuality "1"]
[WhiteTeam "South Wales Dragons"]
[BlackTeam "Covent Garden"]
[WhiteTeamCountry "WLS"]
[BlackTeamCountry "ENG"]

1. d4 Nf6 2. c4 g6 3. Nc3 Bg7 4. Nf3 O-O 5. Bg5 c5 6. d5 e6 7. e4 h6 8. Bh4 g5
9. Bg3 exd5 10. cxd5 b5 11. Nd2 b4 12. Nb5 Re8 13. Nd6 Nxe4 14. N2xe4 f5 15.
Nxe8 Qxe8 16. Be2 Qxe4 17. f3 Qe8 18. O-O Bxb2 19. Rb1 Bc3 20. Bd3 Qf8 21. Be1
Be5 22. Bf2 d6 23. Re1 Qf6 24. f4 gxf4 25. Qh5 Kg7 26. g3 fxg3 27. hxg3 Bd7 28.
Re3 Qg5 29. Qh2 f4 30. Rxe5 dxe5 31. Bxc5 fxg3 32. Qe2 Be8 33. Rxb4 Bh5 34.
Rb7+ Nd7 35. Rxd7+ Kh8 {time} 0-1

[Event "4NCL9495 2nd Season"]
[Site "Various Venues"]
[Date "1994.10.01"]
[Round "1.4"]
[White "Moore, Gerald"]
[Black "Morris, Charles F"]
[Result "1/2-1/2"]
[WhiteElo "2210"]
[BlackElo "2195"]
[PlyCount "44"]
[EventDate "1994.10.01"]
[EventType "team-tourn"]
[EventRounds "11"]
[EventCountry "GBR"]
[SourceTitle "BritBase"]
[SourceDate "2020.05.17"]
[SourceVersion "1"]
[SourceVersionDate "2020.05.17"]
[SourceQuality "1"]
[WhiteTeam "Covent Garden"]
[BlackTeam "South Wales Dragons"]
[WhiteTeamCountry "ENG"]
[BlackTeamCountry "WLS"]

1. e4 e6 2. d4 d5 3. Nd2 Nf6 4. e5 Nfd7 5. Ngf3 c5 6. c3 Nc6 7. Bd3 Be7 8. O-O
a6 9. Re1 g5 10. dxc5 Nxc5 11. Nb3 Nxd3 12. Qxd3 h6 13. Nfd4 Qc7 14. f4 Bd7 15.
Be3 gxf4 16. Bxf4 O-O-O 17. Rac1 Bg5 18. Qd2 f6 19. Nxc6 Bxc6 20. Qd4 Rhg8 21.
Rc2 Qh7 22. Rf2 Bxf4 1/2-1/2

[Event "4NCL9495 2nd Season"]
[Site "Various Venues"]
[Date "1994.10.01"]
[Round "1.5"]
[White "Smith, Jeff R"]
[Black "Franklin, Michael J"]
[Result "1/2-1/2"]
[WhiteElo "2205"]
[BlackElo "2240"]
[PlyCount "55"]
[EventDate "1994.10.01"]
[EventType "team-tourn"]
[EventRounds "11"]
[EventCountry "GBR"]
[SourceTitle "BritBase"]
[SourceDate "2020.05.17"]
[SourceVersion "1"]
[SourceVersionDate "2020.05.17"]
[SourceQuality "1"]
[WhiteTeam "South Wales Dragons"]
[BlackTeam "Covent Garden"]
[WhiteTeamCountry "WLS"]
[BlackTeamCountry "ENG"]

1. e4 c5 2. Nc3 Nc6 3. g3 g6 4. Bg2 Bg7 5. d3 e6 6. Be3 d6 7. Qd2 Qa5 8. Nge2
Nd4 9. O-O Ne7 10. Rae1 Nec6 11. a3 O-O 12. f4 f5 13. h3 Bd7 14. g4 Nxe2+ 15.
Rxe2 Nd4 16. Ree1 Rab8 17. gxf5 gxf5 18. Kh2 Kh8 19. Rg1 Rg8 20. Qf2 Qd8 21.
Bf3 Qh4 22. Bd1 Bf6 23. Rxg8+ Rxg8 24. Qxh4 Bxh4 25. Rg1 b6 26. Rxg8+ Kxg8 27.
Ne2 Nxe2 28. Bxe2 1/2-1/2

[Event "4NCL9495 2nd Season"]
[Site "Various Venues"]
[Date "1994.10.01"]
[Round "1.6"]
[White "Lyell, Mark"]
[Black "Saunders, John C"]
[Result "1-0"]
[WhiteElo "2260"]
[BlackElo "2250"]
[PlyCount "115"]
[EventDate "1994.10.01"]
[EventType "team-tourn"]
[EventRounds "11"]
[EventCountry "GBR"]
[SourceTitle "BritBase"]
[SourceDate "2020.05.17"]
[SourceVersion "1"]
[SourceVersionDate "2020.05.17"]
[SourceQuality "1"]
[WhiteTeam "Covent Garden"]
[BlackTeam "South Wales Dragons"]
[WhiteTeamCountry "ENG"]
[BlackTeamCountry "WLS"]

1. e4 c6 2. d4 d5 3. exd5 cxd5 4. c4 Nf6 5. Nc3 g6 6. Qb3 Bg7 7. cxd5 O-O 8. g3
Nbd7 9. Bg2 Nb6 10. Nge2 Bf5 11. O-O Qd7 12. Rd1 Rfd8 13. Nf4 Rac8 14. a4 g5
15. Nd3 Bxd3 16. Rxd3 h6 17. d6 exd6 18. a5 Nc4 19. Qxb7 Qe6 20. Bd2 Rb8 21.
Qxa7 Rxb2 22. Re1 Qc8 23. Bc1 Rd7 24. Qa8 Rb8 25. Qf3 Qa6 26. Nd5 Nxd5 27. Qxd5
Qxa5 28. Qxa5 Nxa5 29. Bd5 Rb5 30. Re8+ Bf8 31. Ba2 Nc6 32. Rc3 Ne7 33. Ra3 Rc7
34. Be3 Rc8 35. Rxc8 Nxc8 36. Ra8 Ne7 37. Bc4 Rb4 38. Ba2 Rb5 39. Kg2 Kg7 40.
Ra7 Kg8 41. Kh3 Kg7 42. f4 f6 43. g4 Rb2 44. Kg3 Re2 45. Kf3 Rxh2 46. Be6 Rh3+
47. Ke4 Rg3 48. d5 Rg2 49. Bb6 Re2+ 50. Kf3 Re1 51. Bd8 Rf1+ 52. Kg2 Rxf4 53.
Bxe7 Bxe7 54. Rxe7+ Kh8 55. Rd7 h5 56. gxh5 Rh4 57. Rxd6 Rxh5 58. Ra6 1-0

[Event "4NCL9495 2nd Season"]
[Site "Various Venues"]
[Date "1994.10.01"]
[Round "1.8"]
[White "Webster, Fiona"]
[Black "Richmond, Jane"]
[Result "1/2-1/2"]
[WhiteElo "2020"]
[BlackElo "2165"]
[PlyCount "83"]
[EventDate "1994.10.01"]
[EventType "team-tourn"]
[EventRounds "11"]
[EventCountry "GBR"]
[SourceTitle "BritBase"]
[SourceDate "2020.05.17"]
[SourceVersion "1"]
[SourceVersionDate "2020.05.17"]
[SourceQuality "1"]
[WhiteTeam "Covent Garden"]
[BlackTeam "South Wales Dragons"]
[WhiteTeamCountry "ENG"]
[BlackTeamCountry "WLS"]

1. d4 Nf6 2. Bg5 e6 3. Nf3 c5 4. e3 Nc6 5. c3 b6 6. Nbd2 Be7 7. Bd3 Bb7 8. O-O
Rc8 9. Qe2 O-O 10. Rae1 d6 11. dxc5 bxc5 12. e4 Qc7 13. Nc4 Ne5 14. Nfxe5 dxe5
15. f4 h6 16. fxe5 hxg5 17. exf6 gxf6 18. Qg4 Kg7 19. Re3 Rh8 20. Rg3 Rcd8 21.
Qe2 Ba6 22. Qf3 Rh4 23. Rh3 Rxh3 24. gxh3 Bxc4 25. Bxc4 Rd2 26. Rf2 Qd6 27. Kg2
Rxf2+ 28. Qxf2 Qe5 29. Bd3 c4 30. Bc2 Bc5 31. Qg3 Qxg3+ 32. hxg3 Be3 33. b3
cxb3 34. axb3 Bd2 35. c4 Bb4 36. Kf3 Kf8 37. h4 gxh4 38. gxh4 Kg7 39. h5 Kh6
40. Kg4 Bc5 41. Bd1 Bd6 42. Be2 1/2-1/2

[Event "4NCL9495 2nd Season"]
[Site "Various Venues"]
[Date "1994.10.01"]
[Round "1.1"]
[White "Webster, Andrew"]
[Black "O'Shaughnessy, Conor"]
[Result "1/2-1/2"]
[WhiteElo "2410"]
[BlackElo "2215"]
[PlyCount "61"]
[EventDate "1994.10.01"]
[EventType "team-tourn"]
[EventRounds "11"]
[EventCountry "GBR"]
[SourceTitle "BritBase"]
[SourceDate "2020.05.17"]
[SourceVersion "1"]
[SourceVersionDate "2020.05.17"]
[SourceQuality "1"]
[WhiteTeam "Midland Monarchs"]
[BlackTeam "Na Fianna"]
[WhiteTeamCountry "ENG"]
[BlackTeamCountry "IRL"]

1. c4 Nf6 2. g3 c5 3. Bg2 Nc6 4. Nf3 e6 5. b3 d5 6. e3 Be7 7. O-O O-O 8. Bb2 b6
9. Nc3 Bb7 10. cxd5 Nxd5 11. Nxd5 Qxd5 12. d4 Rfd8 13. Ne5 Qd6 14. Qf3 Nxe5 15.
dxe5 Qd5 16. Qxd5 Bxd5 17. e4 Bc6 18. Rfd1 b5 19. f3 a5 20. Bf1 a4 21. Be2 Kf8
22. Kf2 Ke8 23. Ke3 axb3 24. axb3 Rxd1 25. Rxa8+ Bxa8 26. Bxd1 Kd7 27. f4 f6
28. h4 Bf8 29. h5 Bc6 30. Be2 Be7 31. Kd3 1/2-1/2

[Event "4NCL9495 2nd Season"]
[Site "Various Venues"]
[Date "1994.10.01"]
[Round "1.2"]
[White "Ludgate, Alan Templeton"]
[Black "Ledger, Andrew"]
[Result "1/2-1/2"]
[WhiteElo "2280"]
[BlackElo "2410"]
[PlyCount "68"]
[EventDate "1994.10.01"]
[EventType "team-tourn"]
[EventRounds "11"]
[EventCountry "GBR"]
[SourceTitle "BritBase"]
[SourceDate "2020.05.17"]
[SourceVersion "1"]
[SourceVersionDate "2020.05.17"]
[SourceQuality "1"]
[WhiteTeam "Na Fianna"]
[BlackTeam "Midland Monarchs"]
[WhiteTeamCountry "IRL"]
[BlackTeamCountry "ENG"]

1. c4 Nf6 2. Nc3 e5 3. Nf3 Nc6 4. g3 Bb4 5. Bg2 O-O 6. O-O Re8 7. Nd5 Bf8 8. d3
h6 9. e4 d6 10. Ne1 Nxd5 11. cxd5 Ne7 12. Nc2 c6 13. d4 cxd5 14. exd5 Nf5 15.
dxe5 dxe5 16. Ne3 Nd6 17. b3 Bd7 18. Bb2 Qa5 19. Qe1 Qa6 20. Qd2 Rac8 21. Rfd1
b5 22. a3 f5 23. Rac1 f4 24. gxf4 exf4 25. Nf1 Bg4 26. f3 Bf5 27. Rxc8 Rxc8 28.
Qxf4 Bc2 29. Rd2 Bxb3 30. Bh3 Re8 31. Be6+ Rxe6 32. dxe6 Bxe6 33. Ne3 Qb6 34.
Qd4 Qc6 1/2-1/2

[Event "4NCL9495 2nd Season"]
[Site "Various Venues"]
[Date "1994.10.01"]
[Round "1.5"]
[White "Cooper, Lawrence"]
[Black "O'Brien, Richard W"]
[Result "1-0"]
[WhiteElo "2305"]
[BlackElo "2160"]
[PlyCount "110"]
[EventDate "1994.10.01"]
[EventType "team-tourn"]
[EventRounds "11"]
[EventCountry "GBR"]
[SourceTitle "BritBase"]
[SourceDate "2020.05.17"]
[SourceVersion "1"]
[SourceVersionDate "2020.05.17"]
[SourceQuality "1"]
[WhiteTeam "Midland Monarchs"]
[BlackTeam "Na Fianna"]
[WhiteTeamCountry "ENG"]
[BlackTeamCountry "IRL"]

1. e4 e5 2. Nf3 d5 3. Nxe5 Bd6 4. d4 dxe4 5. Bc4 Bxe5 6. Qh5 Qe7 7. dxe5 Be6 8.
Bxe6 Qxe6 9. Qg5 Ne7 10. Qxg7 Rg8 11. Qxh7 Qxe5 12. Nc3 f5 13. Bf4 Qxf4 14.
Qxe7+ Kxe7 15. Nd5+ Ke6 16. Nxf4+ Ke5 17. g3 Nc6 18. O-O-O Rgd8 19. Rxd8 Nxd8
20. Kd2 Ne6 21. Nxe6 Kxe6 22. Ke3 c5 23. h4 Rh8 24. Rd1 b6 25. Kf4 Rg8 26. f3
exf3 27. Kxf3 Rg4 28. h5 Rg5 29. Rh1 Kf7 30. h6 Kg8 31. Rd1 Kh7 32. Rd7+ Kxh6
33. Rxa7 Rg4 34. c3 Rg6 35. Kf4 Rf6 36. Ke5 Kg6 37. Rd7 Rf8 38. Rd6+ Kg5 39.
Rxb6 Re8+ 40. Kd5 Re3 41. Kxc5 Rxg3 42. Rb8 f4 43. a4 f3 44. Rf8 Rg2 45. Rxf3
Rxb2 46. a5 Kg4 47. Rf8 Ra2 48. Kb4 Rb2+ 49. Ka3 Rb1 50. c4 Kg5 51. Ka4 Kg6 52.
a6 Kg7 53. Rf3 Rc1 54. Kb4 Rb1+ 55. Rb3 Ra1 1-0